Estimates Committee (1966-67): Hundred and twelfth Report (Third Lok Sabha, Ministry of Commerce) (Record no. 74695)

MARC details
000 -LEADER
fixed length control field 00331nam a22001097a 4500
082 ## - DEWEY DECIMAL CLASSIFICATION NUMBER
Classification number 33ENQ:631.96(047)1956
Item number REP
245 ## - TITLE STATEMENT
Title Estimates Committee (1966-67): Hundred and twelfth Report (Third Lok Sabha, Ministry of Commerce)
260 ## - PUBLICATION, DISTRIBUTION, ETC. (IMPRINT)
Place of publication New Delhi
Name of publisher Lok Sabha Secretariat
300 ## - PHYSICAL DESCRIPTION
Number of Pages 34p.
500 ## - GENERAL NOTE
General note Copy from NET
942 ## - ADDED ENTRY ELEMENTS (KOHA)
Koha item type Books

No items available.